000 00344nam a2200145Ia 4500
008 230605s1993 xx 000 0 und d
041 _aeng
100 _aFoster
245 _aOperations , Methodes and cost controls
260 _bMc. Graw Hell
_c1993
300 _a238p
520 _aGeneral
520 _aHard Board
650 _aF & B Ser.
999 _c419914
_d419914